Statistics for Name the Ernest (Jim Varney) Movies

Click here to take the quiz!

General Stats

  • This quiz has been taken 16 times
    (5 since last reset)
  • The average score is 5 of 9

Answer Stats

Year Movie % Correct
1987Ernest Goes to {Camp}
100%
1988Ernest Saves {Christmas}
100%
1990Ernest Goes to {Jail}
100%
1994Ernest Goes to {School}
50%
1998Ernest in the {Army}
50%
1991Ernest {Scared} {Stupid}
25%
1993Ernest {Rides} {Again}
25%
1995{Slam} {Dunk} Ernest
25%
1997Ernest Goes to {Africa}
25%

Score Distribution

Percentile by Number Answered

Percent of People with Each Score

Your Score History

You have not taken this quiz since the last reset